• 首页
  • 本馆介绍
  • 公告通知
  • 最新文献
  • 馆藏检索
  • 电子资源
  • 读者导购
  • 参考咨询
  • 我的图书馆
  • 登录
  • 详细信息显示
  • 放入我的书架
  • 预约/预借图书
  • 作者相关作品
  • 分类相关作品
  • 丛书相关作品
  • 出版社相关作品

书目信息

  • 表格格式
  • 工作单格式
  • 卡片格式
题名:
大学英语
    
 
作者: 董亚芬 总主编 ;解又明 编著
分册: 第一、二册   泛读
出版信息: 上海   上海外语教育出版社  1998
页数: 120页
开本: 26cm
丛书名:
单 册:
中图分类: H31 , H319.4
科图分类:
主题词: 英语--高等学校--教材 , 英语--阅读教学--高等学校--教材
电子资源:
ISBN: 7-81046-298-9
000 01085nam0 2200289 450
001 0100223351
005 20020928000000.0
010    @a7-81046-298-9@dCNY14.80
011    @a7-81046-298-9
100    @a20020909e20021998em y0chiy0110 ea
101 0  @achi@aeng
102    @aCN@b310000
105    @ay z 000yy
106    @ar
200 1  @a大学英语@9Da;Dai Xue Ying Yu @i泛读@i教师用书@f董亚芬总主编@g解又明编著@h第一、二册@b专著
210    @a上海@c上海外语教育出版社@d1998@h2002重印
215    @a120页@d26cm
330    @a本书是《大学英语》泛读教程第一、二册教师用书的修订本,按课文顺序编写,每册三十课。每课内容包括课堂小测验、背景知识或课文提要、课堂教学提示、供模仿的句型、难句译文、谚语、练习答案。
510 1  @aCollege English@iExtensive Reading@h1-2@iTeacher's Book@zeng
606 0  @a英语@x高等学校@j教材
606 0  @a英语@x阅读教学@x高等学校@j教材
690    @aH31@v4
690    @aH319.4@v4
701  0 @a董亚芬@f(1924~2011)@9dong ya fen@4总主编
702  0 @a解又明@9xie you ming@4编著
801  0 @aCN@bAiZhiMarc@c20020917
905    @aBZT@dH31@e327:1@f5@sH31/327:1
    
    大学英语.泛读.教师用书/董亚芬总主编/解又明编著.第一、二册.-上海:上海外语教育出版社,1998(2002重印)
    120页;26cm
    
    
    ISBN 7-81046-298-9:CNY14.80
    本书是《大学英语》泛读教程第一、二册教师用书的修订本,按课文顺序编写,每册三十课。每课内容包括课堂小测验、背景知识或课文提要、课堂教学提示、供模仿的句型、难句译文、谚语、练习答案。
●
相关链接 在五车中查询图书 在当当中查询图书 在豆瓣中查询图书


正题名:大学英语     索取号:H31/327:1         预约/预借

序号 登录号 条形码 馆藏地/架位号 状态 备注
1 2000059926   2000059926   旧书回溯/ [索取号:H31/327:1] 在馆    
2 2000059927   2000059927   旧书回溯/ [索取号:H31/327:1] 在馆    
3 2000059928   2000059928   旧书回溯/ [索取号:H31/327:1] 在馆    
4 2000059953   2000059953   旧书回溯/ [索取号:H31/327:1] 在馆    
5 2000060077   2000060077   旧书回溯/ [索取号:H31/327:1] 在馆    
山东省滨州职业学院图书馆 欢迎您!
大连网信软件有限公司© 版权所有